Sports Quiz

Random Sports or NFL Quiz
Score 0/10 Timer 06:00
0 Plays Today
All-Time Answer % Correct
1990-2002Emmitt Smith
97.1%
1977-1987Tony Dorsett
92.9%
2011-PresentDemarco Murray
90%
1986-1989Herschel Walker
75.4%
2005-2010Marion Barber
71.5%
1969-1974Calvin Hill
58.6%
1972-1983Robert Newhouse
43%
1966-1974Walt Garrison
39.8%
1960-1968Don Perkins
36.9%
1970-1972Duane Thomas
36.8%
Remove Ads.
Support Sporcle.
Get the best of Sporcle when you Go Orange. This ad-free experience offers more features, more stats, and more fun while also helping to support Sporcle. Thank you for becoming a member.

You're not logged in!

Compare scores with friends on all Sporcle quizzes.
OR
Log In

Show Comments

Extras

Top Quizzes Today


Score Distribution

Your Account Isn't Verified!

In order to create a playlist on Sporcle, you need to verify the email address you used during registration. Go to your Sporcle Settings to finish the process.

Report this User

Report this user for behavior that violates our Community Guidelines.

Details: